000 00200 a2200097 4500
020 _a9789992467046
041 _aspa
100 _aSalvador Cardenal Barquero
245 _aMontaą en Flor
942 _cBK
999 _c12818
_d12818